000 00178nam a22000977a 4500
082 _a1313 OBS
100 _aPDF
_956879
245 _aBOSOLETE BOOK
260 _bPDF
942 _cBK
999 _c579431
_d579431